| 000 | 00694cab a2200229 4500 | ||
|---|---|---|---|
| 001 | ABS49007 | ||
| 008 | 090401t1993 xxu||||| |||| 00| 0 eng d | ||
| 035 | _a(Sirsi) u69452 | ||
| 041 | _aeng | ||
| 100 | _aMundell, I. | ||
| 245 | _aMaps that shape the world | ||
| 260 | _c1993 | ||
| 350 | _a0 | ||
| 490 |
_aNew Scientist _v139(1880) 3 July 1993, 21-23(3) |
||
| 520 | _aDescribes how Mitchell Feigenbaum, professor of mathematics at Rockefeller University has assisted map publishers, Hammond, to produce maps with minimal distortion. | ||
| 650 | _aCARTOGRAPHY | ||
| 650 | _aDISTORTION | ||
| 650 | _aMAPS | ||
| 690 | _aMAPPING AND MEASUREMENT | ||
| 942 | _n0 | ||
| 948 | _c04/03/1997 | ||
| 999 |
_c43621 _d43621 |
||